[Event "15th Avicenna Open Masters 2018"]
[Site "Avicenna"]
[Date "2018.08.21"]
[Round "6"]
[White "Guliev, Logman"]
[Black "Aghaei, Alireza"]
[Result "1/2-1/2"]
[WhiteElo "2342"]
[BlackElo "2256"]
[Annotator "TA"]
[PlyCount "66"]
[EventDate "2018.08.17"]
[EventType "swiss"]
[EventCountry "IRI"]
[SourceTitle "playchess.com"]
[Source "ChessBase"]
[SourceQuality "1"]

{[%evp 29,66,0,23,13,41,0,6,7,7,7,7,7,7,7,7,7,7,0,0,0,0,0,0,0,0,0,0,0,0,-8,-10,-14,-8,-40,-40,-132,-136,-221,-258]} 1. e4 e6 2. d4 d5 3. Nd2 c5 4. exd5 exd5 5. Ngf3 Nc6 6. Bb5 Bd6 7. dxc5 Bxc5 8. O-O Nge7 9. Nb3 Bd6 10. Bg5 O-O 11. Bh4 Qb6 12. Bd3 a5 {C09: French Tarrasch: 3...c5 4 exd5 exd5 5 Ngf3 Nc6} 13. c3 h6 14. Bg3 $146 ({Predecessor:} 14. Bxe7 Bxe7 15. Qc2 Bg4 16. Nbd4 Bf6 17. h3 Bxf3 18. Nxf3 d4 19. Nxd4 Bxd4 20. cxd4 Nxd4 {½-½ (86) Rosen,E (2216)-Yang,D (2434) Los Angeles 2011}) 14... Bxg3 15. hxg3 Bg4 {LiveBook: 3 Games} 16. a4 Ne5 (16... Rac8 {seems wilder.} 17. Re1 Rfd8 18. Bb5 d4 19. cxd4 g6) 17. Re1 (17. Bb5 {feels hotter.} Qf6 18. Be2 Bxf3 19. Bxf3 Rfd8 20. Qe2) 17... Bxf3 18. gxf3 Nxd3 19. Qxd3 Qxb3 20. Rxe7 Rae8 $132 {[%mdl 2048] Black is not keeping still} 21. Rae1 Rxe7 22. Rxe7 Qxb2 $11 {[%mdl 4096] Endgame KQR-KQR} 23. Kg2 Qb3 24. Qd4 b5 25. axb5 Qxb5 26. Rc7 Ra8 27. Rc5 Qe8 28. Qxd5 a4 29. Ra5 Rxa5 30. Qxa5 Qc6 31. Qb4 Qa8 {[#] Strongly threatening ...a3.} 32. Qa3 ({Better is} 32. c4 $1 $15) 32... Qa6 $17 33. g4 (33. Qe7 $17 {was the only chance.}) 33... Qc4 {[%mdl 32768] Precision: White = 38%, Black = 70%. . An unexpected result.} 1/2-1/2

[Event "15th Avicenna Open Masters 2018"]
[Site "Avicenna"]
[Date "2018.08.21"]
[Round "6"]
[White "Daneshvar, Bardiya"]
[Black "Omidi, Arya"]
[Result "1/2-1/2"]
[WhiteElo "2290"]
[BlackElo "2383"]
[Annotator "TA"]
[PlyCount "35"]
[EventDate "2018.08.17"]
[EventType "swiss"]
[EventCountry "IRI"]
[SourceTitle "playchess.com"]
[Source "ChessBase"]
[SourceQuality "1"]

{[%evp 19,35,19,12,-29,-29,-44,22,11,41,33,59,55,54,46,37,35,37,40]} 1. Nf3 Nf6 2. g3 g6 3. b3 Bg7 4. Bb2 O-O 5. Bg2 d6 6. d4 a5 7. c4 {A49: 1 d4 Nf6 2 Nf3 g6 3 g3: Anti-King's Indian systems} (7. O-O a4 8. b4 b5 9. Na3 c6 10. c4 bxc4 11. Nxc4 Nd5 12. a3 Nb6 13. Na5 Ba6 14. Rc1 Bb5 15. Re1 {1-0 (46) Pantsulaia,L (2612)-Vachier Lagrave,M (2789) Riadh 2017}) 7... Nbd7 8. Nc3 c6 9. O-O Re8 10. e4 e5 {LiveBook: 3 Games} 11. d5 cxd5 $146 ({Predecessor:} 11... Nc5 12. Ne1 Qc7 13. Nd3 Nfd7 14. Ba3 Rd8 15. Rc1 Nxd3 16. Qxd3 Nc5 17. Qe3 Na6 18. Na4 {½-½ (41) Stahlberg,G-Iliesco,J Mar del Plata 1941}) 12. cxd5 Nc5 (12... b5 $1 $15) 13. Nd2 $1 $11 Bd7 14. a4 $1 {White is slightly better.} Rf8 15. Nc4 Ne8 16. Nb5 Bxb5 17. axb5 b6 18. Ba3 1/2-1/2

[Event "15th Avicenna Open Masters 2018"]
[Site "Avicenna"]
[Date "2018.08.21"]
[Round "6"]
[White "Salar, Milad"]
[Black "Gara, Ticia"]
[Result "1-0"]
[WhiteElo "2247"]
[BlackElo "2358"]
[Annotator "TA"]
[PlyCount "75"]
[EventDate "2018.08.17"]
[EventType "swiss"]
[EventCountry "IRI"]
[SourceTitle "playchess.com"]
[Source "ChessBase"]
[SourceQuality "1"]

{[%evp 19,75,34,35,26,50,60,45,47,82,82,79,48,77,77,90,99,91,104,92,81,119,118,141,120,152,153,140,93,133,94,94,99,92,79,336,400,379,377,663,599,1138,1202,1195,1190,1173,1126,1125,1125,1037,990,1273,1235,1808,2179,29989,29990,29989,775]} 1. e4 c5 2. Nf3 d6 3. d4 cxd4 4. Nxd4 Nf6 5. Nc3 Nc6 6. Bg5 e6 7. Qd2 a6 8. O-O-O Be7 9. Bxf6 gxf6 10. f4 Qc7 {LiveBook: 15 Partien} 11. f5 {B66: Sizilianisch (Richter/Rauser-Angriff)} Nxd4 12. Qxd4 Bd7 13. Kb1 {Weiß steht etwas besser.} Rc8 (13... Qc5 14. Qd2 h5 15. Ne2 Bf8 16. fxe6 fxe6 17. Nd4 O-O-O 18. Be2 Bh6 {½-½ (68) Najer,E (2682)-Parligras,M (2611) Germany 2008}) 14. Qd2 Qc5 $146 ({Vorgänger:} 14... b5 15. Bd3 Qc5 16. Ne2 b4 17. Rc1 a5 18. c3 O-O {1-0 (27) Maki,V (2404)-Salomonsson,H (2131) Dresden 2000}) 15. Be2 h5 16. Rhe1 Qe5 17. Bf3 h4 18. Ne2 {[%cal Bc3e2,Be2d4,Bd4f5][%mdl 32]} Bf8 19. Nd4 Bh6 20. Qd3 Bf4 {[#]} (20... Qxh2 $2 21. e5 $18) 21. Bg4 $1 {zielt auf Db3 ab.} Ke7 22. fxe6 fxe6 {[#]} 23. Nf5+ $1 {[%mdl 512]} Kf7 (23... exf5 $2 24. exf5 Kd8 25. Rxe5 $18) 24. g3 hxg3 25. hxg3 {[%cal Bh2g3,Bg3f4][%mdl 32]} exf5 26. gxf4 Qc5 $2 {[%mdl 8192]} (26... Qb5 $16 {ist eine bessere Verteidigung.} 27. Qxb5 (27. exf5 Qxd3 28. Rxd3 Rce8 $14) (27. Qxd6 fxg4 28. Qxd7+ Qxd7 $16) (27. Bxf5 Qxd3 28. Rxd3 Bxf5 $16) 27... axb5 28. Bxf5 (28. Rxd6 fxg4 29. Rxd7+ Kf8 $16) (28. exf5 Rce8 $16) 28... Bxf5) 27. Bxf5 $18 (27. exf5 Rh2 $16) 27... Bxf5 28. exf5 Rh2 $2 (28... d5 29. Qb3 (29. Qxd5+ Qxd5 30. Rxd5 Rcd8 $18) 29... Qc4 30. Qxb7+ Rc7 31. Qxd5+ Qxd5 32. Rxd5 Rh4) 29. Rc1 d5 30. Qg3 {jetzt Dg6+ und aus.} Rh6 31. Rg1 Qf8 32. Qb3 Qc5 33. Qxb7+ Rc7 34. Qxa6 {Droht Matt per De6+.} Rc6 35. Qe2 {Und Dg2 würde nun gewinnen.} Rb6 36. Rce1 {[%csl Ge1][%cal Re2e8]} Rh8 37. b3 Rc6 {[#]} 38. Qd1 {Precision: Weiß = 75%, Schwarz = 47%.} (38. c4 $142 $1 dxc4 39. Qg4 Qxg1 40. Qxg1 Rb8 41. Qg6+ Kf8 42. Qh6+ Kf7 43. Qh7+ Kf8 44. Rg1 Rxb3+ 45. axb3 cxb3 46. Rg8#) 1-0

[Event "15th Avicenna Open Masters 2018"]
[Site "Avicenna"]
[Date "2018.08.22"]
[Round "7"]
[White "Mosadeghpour, Masoud"]
[Black "Salar, Milad"]
[Result "1-0"]
[WhiteElo "2525"]
[BlackElo "2247"]
[Annotator "TA"]
[PlyCount "113"]
[EventDate "2018.08.17"]
[EventType "swiss"]
[EventCountry "IRI"]
[SourceTitle "playchess.com"]
[Source "ChessBase"]
[SourceQuality "1"]

{[%evp 12,113,20,-13,0,0,0,-3,48,16,90,89,88,93,91,68,83,45,65,64,102,108,92,95,99,98,94,93,102,92,106,111,110,107,113,125,137,120,125,121,130,130,130,127,119,120,139,100,107,107,105,104,104,100,312,304,280,335,335,335,335,328,329,325,314,321,308,301,270,257,225,454,442,421,424,375,412,398,610,487,645,644,626,590,660,660,639,609,1609,1565,1283,1412,1445,1162,29966,29967,29966,29967,12827,10283,6548,9956,6087,5202]} 1. e4 c5 2. Nf3 d6 3. d4 cxd4 4. Nxd4 Nf6 5. Nc3 a6 6. Bc4 e6 7. f4 {LiveBook: 5 Partien. B86: Sizilianisch (Sosin-Angriff)} (7. O-O b5 8. Bb3 Be7 9. Qf3 Qb6 10. Be3 Qb7 11. Qg3 Nbd7 12. f3 b4 13. Na4 O-O 14. Rfd1 Rb8 15. Ne2 Ne5 16. a3 a5 17. axb4 axb4 18. Nb6 Qc7 19. Qf2 Nfd7 20. Ra7 Rb7 21. Nxc8 Rxc8 22. Rxb7 Qxb7 {0-1 (29) Ivanchuk,V (2726)-Artemiev,V (2691) Huaian 2017}) 7... d5 8. exd5 exd5 9. Bb3 $146 {Die Stellung ist ausgeglichen.} ({Vorgänger:} 9. Be2 Nc6 10. Be3 Bb4 11. O-O O-O 12. Nxc6 bxc6 13. Bd4 Bf5 14. Na4 Ne4 {½-½ (30) Herbrechtsmeier,C (2290)-Schuh,H (2375) Waldshut 1991}) 9... Bc5 (9... Nc6 $11) 10. Qe2+ $14 Qe7 (10... Be7 $1 $11 {bleibt in der Remisbreite.}) 11. Qxe7+ $16 Kxe7 12. Be3 $36 {[%mdl 2048] Schwarz muss aufpassen.} Bb4 13. Nde2 Re8 {Schwarz will ...Kf8 spielen.} 14. O-O Nc6 15. a3 Bd6 16. Nxd5+ Nxd5 17. Bxd5 Kf8 18. Kf2 $1 Bg4 {Weiss muss nun ...Txe3! beachten.} 19. Bf3 Bxf3 20. Kxf3 Re6 {Und ...Tae8 würde nun gewinnen.} 21. Nd4 Nxd4+ 22. Bxd4 Rae8 23. Rad1 Kg8 24. g3 f5 25. Rd3 Rc8 26. Rf2 Kf7 27. Rfd2 g6 28. Bf2 Ke7 29. a4 b5 30. axb5 axb5 31. Rd5 b4 32. Rb5 Re4 $2 (32... Rc7 $16 33. Rb6 Kd7) 33. Rb7+ $18 Rc7 34. Rxc7+ $1 Bxc7 35. Re2 Rxe2 {[%mdl 4096] Endspiel} 36. Bc5+ $1 ({Weniger gut wäre} 36. Kxe2 Kd6 $16) 36... Ke6 37. Kxe2 {KL-KL} Ba5 {[#]} 38. Kd3 $1 Kd5 39. Bf8 b3 40. c3 {[%cal Bc2c3,Bc3c4,Bc4c5][%mdl 32]} ({Jedoch nicht} 40. cxb3 $6 Bb6 $16) 40... Bb6 41. c4+ Kc6 42. c5 Ba5 43. Kc4 Be1 44. Bg7 h5 (44... Bd2 $142 45. Bd4 (45. Kxb3 Kxc5 46. Kc2 Be3 $16) 45... Be1) 45. Bc3 Bf2 {[#]} 46. Bd4 $1 {[%cal Rd4f2]} Be1 47. Be3 h4 48. gxh4 Bxh4 49. Kxb3 Kb5 50. Kc3 Bf6+ 51. Bd4 Bd8 52. Kd3 g5 53. fxg5 Bxg5 54. Bf2 Bf6 55. b3 {Weiß steht klar auf Gewinn.} Be5 56. h4 {[%cal Bh2h4,Bh4h5][%mdl 32]} Bf4 57. h5 {Precision: Weiß = 82%, Schwarz = 35%.} 1-0

[Event "15th Avicenna Open Masters 2018"]
[Site "Avicenna"]
[Date "2018.08.22"]
[Round "7"]
[White "Mousavi, Seyed Khalil"]
[Black "Pour Agha Bala, Amirreza"]
[Result "1-0"]
[WhiteElo "2458"]
[BlackElo "2272"]
[Annotator "TA"]
[PlyCount "69"]
[EventDate "2018.08.17"]
[EventType "swiss"]
[EventCountry "IRI"]
[SourceTitle "playchess.com"]
[Source "ChessBase"]
[SourceQuality "1"]

{[%evp 18,69,24,23,32,20,25,29,32,32,42,34,40,34,52,54,66,47,55,49,110,114,102,102,102,104,116,115,121,111,115,115,104,109,99,108,123,113,135,48,45,37,68,68,68,68,75,71,1912,1837,1732,1647,1807,1724]} 1. c4 Nf6 2. Nc3 g6 3. g3 Bg7 4. Bg2 O-O 5. d4 d6 6. e3 e5 7. Nge2 Re8 8. O-O c6 9. e4 {E61: Königsindisch (Abweichungen der Hauptvariante)} Nbd7 (9... exd4 10. Nxd4 Nbd7 11. Re1 Nc5 12. Bf4 Ng4 13. h3 Ne5 14. Bf1 Qb6 15. Qd2 Ncd3 16. Bxd3 Qxd4 {0-1 (49) Le,Q (2693)-Topalov,V (2752) Astana 2012}) 10. d5 {LiveBook: 4 Partien} cxd5 11. cxd5 {Weiß steht etwas besser.} a5 12. Nb5 Nc5 13. Nec3 Qb6 14. a4 $146 Bd7 15. h3 {[%cal Bh2h3,Bh3h4,Bh4h5][%mdl 32]} Bxb5 16. axb5 a4 17. Be3 {[%cal Ra1a4]} Nfd7 18. Ra3 Rec8 ({Besser ist} 18... Qa5 $14) 19. h4 $16 Rf8 20. h5 Qa5 21. Qe2 Qd8 22. Bh3 Nb6 23. Kg2 Nb3 24. Bxb6 Qxb6 25. Nxa4 Qd4 26. Rxb3 Rxa4 {[#]} 27. Rc1 $1 Qb6 28. Qc2 (28. hxg6 $16 hxg6 29. Bd7) 28... Bh6 $14 29. Rh1 Rd4 {Und ...Td2 würde nun gewinnen.} 30. Rd1 Rxd1 31. Qxd1 Ra8 32. Qc2 Ra1 $2 {[%mdl 8192] [#]} (32... Kg7 $16) 33. Qc8+ $18 {Weiß steht klar auf Gewinn.} Kg7 34. Rf3 Qxb5 35. Kh2 {Precision: Weiß = 80%, Schwarz = 58%.} 1-0

[Event "15th Avicenna Open Masters 2018"]
[Site "Avicenna"]
[Date "2018.08.22"]
[Round "7"]
[White "Tahbaz, Arash"]
[Black "Matinian, Nikita"]
[Result "1-0"]
[WhiteElo "2449"]
[BlackElo "2506"]
[Annotator "TA"]
[PlyCount "71"]
[EventDate "2018.08.17"]
[EventType "swiss"]
[EventCountry "IRI"]
[SourceTitle "playchess.com"]
[Source "ChessBase"]
[SourceQuality "1"]

{[%evp 14,71,21,17,22,0,0,-4,0,0,0,-8,4,0,0,0,0,0,0,0,0,-2,40,26,38,37,50,54,46,56,51,37,76,68,72,78,127,126,105,103,132,149,159,162,161,161,173,161,190,158,654,753,769,664,700,700,12843,12842,29990,29991]} 1. d4 Nf6 2. Nf3 g6 3. g3 Bg7 4. Bg2 O-O 5. O-O d6 6. b3 a5 {[%cal Ba7a5,Ba5a4][%mdl 32]} 7. c4 {A49: 1 d4 Nf6 2 Nf3 g6 3 g3: Anti-King's Indian systems} (7. a4 c5 8. Bb2 Nc6 9. dxc5 dxc5 10. Na3 Bf5 11. Nd2 Qc8 12. e4 Bh3 13. Ndc4 Bxg2 14. Kxg2 Qe6 15. f3 {1-0 (55) Vidit,S (2715)-Mamedov,R (2709) Riadh 2017}) 7... a4 8. Bb2 {LiveBook: 47 Games} Bf5 9. Nh4 $146 {The position is equal.} ({Predecessor:} 9. Nbd2 Qc8 10. Re1 Bh3 11. e4 Nc6 12. e5 Nh5 13. Qe2 Nb4 14. Bxh3 {½-½ (14) Hartoch,R (2272)-Van der Velden,B (2068) Dieren 2005}) 9... Be4 10. f3 Bxb1 11. Rxb1 axb3 12. axb3 Nc6 13. d5 Nb4 14. Qd2 $36 {[%mdl 2048] White is more active.} c5 15. Ra1 b5 16. e4 bxc4 17. bxc4 Qb6 18. f4 Rxa1 19. Rxa1 Rb8 20. Bc3 $1 Nd7 21. Bxg7 Kxg7 22. Qc3+ f6 23. Bh3 Rb7 {[#]} 24. e5 $1 dxe5 25. Bxd7 $1 Rxd7 26. fxe5 Nxd5 27. cxd5 Rxd5 {[#]} 28. exf6+ $1 exf6 29. Ng2 Re5 30. Qc4 g5 31. Rd1 {And now Rd7+ would win.} Qb2 $2 (31... Qe6 $16 32. Qxe6 Rxe6) 32. h4 $18 Qb7 33. hxg5 Rxg5 34. Qe6 Qb2 35. Rd7+ Kh8 36. Qf7 {Precision: White = 89%, Black = 17%.} 1-0

[Event "15th Avicenna Open Masters 2018"]
[Site "Avicenna"]
[Date "2018.08.22"]
[Round "7"]
[White "Khodashenas, Mersad"]
[Black "Toufighi, Homayoon"]
[Result "1/2-1/2"]
[WhiteElo "2440"]
[BlackElo "2449"]
[Annotator "TA"]
[PlyCount "47"]
[EventDate "2018.08.17"]
[EventType "swiss"]
[EventCountry "IRI"]
[SourceTitle "playchess.com"]
[Source "ChessBase"]
[SourceQuality "1"]

{[%evp 15,47,41,35,19,38,2,52,39,45,39,60,10,28,6,50,0,6,-1,-7,-9,-1,-20,-14,-17,-20,-18,-11,-7,-10,-12,-11,-12,-10,-8]} 1. e4 c6 2. Nc3 d5 3. Nf3 Nf6 4. e5 Ne4 5. d4 Nxc3 6. bxc3 {B11: Caro-Kann: Two Knights Variation} Bg4 (6... c5 7. Rb1 Nc6 8. dxc5 e6 9. Bd3 Bxc5 10. O-O h6 11. Qe2 O-O 12. c4 Nb4 13. Be3 Nxd3 14. cxd3 Bxe3 15. Qxe3 dxc4 16. dxc4 {½-½ (32) Short,N (2698)-Tari,A (2588) Douglas 2017}) 7. h3 Bxf3 8. Qxf3 e6 {LiveBook: 19 Games} 9. Be3 c5 $146 ({Predecessor:} 9... Qa5 10. Bd2 Qa4 11. Bd3 Nd7 12. O-O c5 13. Qe3 {0-1 (50) Batory,L (1649)-Cvitan,E (1953) Sibenik 2016}) 10. Rb1 Qc7 11. Bb5+ Nc6 12. dxc5 Be7 13. Qg4 Qxe5 14. O-O {[#] Threatens to win with Ba4.} h5 15. Qa4 O-O {The position is equal.} 16. Bxc6 bxc6 17. Bd4 Qf4 18. Qxc6 Rac8 19. Qb5 Qc7 {[%cal Re7c5]} 20. c4 Bxc5 21. Bxc5 Qxc5 22. cxd5 exd5 23. Rfd1 Rfd8 24. Rd2 {Precision: White = 55%, Black = 54%.} 1/2-1/2

[Event "15th Avicenna Open Masters 2018"]
[Site "Avicenna"]
[Date "2018.08.22"]
[Round "7"]
[White "Asgarizadeh, Ahmad"]
[Black "Czebe, Attila"]
[Result "1/2-1/2"]
[WhiteElo "2416"]
[BlackElo "2411"]
[Annotator "TA"]
[PlyCount "81"]
[EventDate "2018.08.17"]
[EventType "swiss"]
[EventCountry "IRI"]
[SourceTitle "playchess.com"]
[Source "ChessBase"]
[SourceQuality "1"]

{[%evp 23,81,0,0,-20,-28,-26,-17,-20,-9,-26,-22,-23,-25,-18,-10,-29,-35,-53,-44,-54,-41,-106,-106,-103,-94,-221,-108,-112,-95,-91,-84,-85,-65,-76,0,-85,0,0,0,0,0,0,36,8,27,0,0,0,0,0,71,0,0,0,110,0,0,0,113,0]} 1. e4 d6 2. d4 Nf6 3. Nc3 e5 4. Nf3 Nbd7 5. Bc4 Be7 6. O-O O-O 7. a4 c6 8. a5 Rb8 9. Qe2 {C41: Philidor Defence} (9. d5 cxd5 10. exd5 Ne8 11. Re1 f5 12. b3 e4 13. Nd4 Ne5 14. a6 Nxc4 15. bxc4 Bf6 16. axb7 Bxb7 17. Rxa7 {½-½ (59) Guseinov,G (2646)-Bagaturov,G (2410) Batumi 2018}) 9... b5 10. axb6 axb6 11. Rd1 Qc7 12. d5 b5 {LiveBook: 3 Games} 13. Bb3 b4 14. dxc6 bxc3 15. cxd7 Bb7 $146 ({Predecessor:} 15... Bxd7 16. bxc3 Qxc3 17. Ra7 {0-1 (37) Simacek,P (2350)-Orsag,M (2405) Pribram 1998}) 16. Ra7 Ra8 17. Rxa8 Bxa8 18. Bg5 cxb2 19. Bxf6 Bxf6 20. Rb1 Qxd7 21. Nd2 Bg5 {Threatens to win with ...Qa7.} 22. Rxb2 (22. Nc4 $1 $15) 22... Bxd2 $1 $17 23. Qxd2 Bxe4 24. Qe3 (24. h3 $17 {was worth a try.}) 24... Bc6 (24... Qg4 $1 $19 {[%csl Ge4][%cal Rg4g2] has better winning chances.} 25. f3 Bxf3 $1 {[%mdl 512]}) 25. Rb1 Qg4 {[%csl Gc6][%cal Rg4g2]} 26. f3 Qg6 27. Rd1 Ra8 28. h3 Qg3 (28... e4 $17 {And now ...exf3 would win.} 29. fxe4 Bxe4) 29. Qf2 (29. Qd3 $11) 29... Qf4 (29... Qxf2+ $1 $17 30. Kxf2 Rd8) 30. Qb6 $11 {[#]} Bxf3 $1 {[%mdl 512]} 31. Rf1 (31. gxf3 Qxf3) 31... e4 32. Qf2 Qg5 33. Kh1 $40 {[%mdl 1152] White has compensation. White mounts an attack.} Qh6 $1 {[%cal Rh6h3]} ({Wrong is} 33... Bh5 $2 34. Bxf7+ Kh8 35. Bxh5 $18) 34. Kh2 Qf4+ $1 35. Kg1 Qg5 36. Kh1 Qh5 ({Don't blunder} 36... Bh5 $2 37. Bxf7+ Kh8 38. Bxh5 $18) (36... Qh6 $1 $11 37. h4 Qf4) 37. Kh2 ({Better is} 37. h4 $16) 37... Qe5+ 38. Kh1 Qf5 {[#]} (38... Bh5 $2 39. Bxf7+ Kh8 40. Bxh5 $18) (38... Qh5 $1 $11 39. h4 Qe5) 39. Kh2 ({White must play} 39. Qg3 $1 $16) 39... Qe5+ 40. Kh1 (40. Kg1 $11) 40... Qf5 $16 {[#] ...Qxh3+ is the strong threat.} ({Don't go for} 40... Bh5 $2 41. Bxf7+ Kh8 42. Bxh5 $18) 41. Kh2 {Precision: White = 37%, Black = 50%.} ({Only move:} 41. Qg3 $1 $16) 1/2-1/2

[Event "15th Avicenna Open Masters 2018"]
[Site "Avicenna"]
[Date "2018.08.22"]
[Round "7"]
[White "Molaei, Mohammadamin"]
[Black "Daghli, Arash"]
[Result "1/2-1/2"]
[WhiteElo "2377"]
[BlackElo "2362"]
[Annotator "NA"]
[PlyCount "95"]
[EventDate "2018.08.17"]
[EventType "swiss"]
[EventCountry "IRI"]
[SourceTitle "playchess.com"]
[Source "ChessBase"]
[SourceQuality "1"]
[TimeControl "5400+30"]

1. d4 {[%emt 0:00:00]} Nf6 {[%emt 0:00:00]} 2. c4 {[%emt 0:00:00]} e6 {[%emt 0:00:00]} 3. g3 {[%emt 0:01:10]} d5 {[%emt 0:00:00]} 4. Nf3 {[%emt 0:00:07]} Be7 {[%emt 0:00:07]} 5. Bg2 {[%emt 0:00:13]} O-O {[%emt 0:00:13]} 6. O-O {[%emt 0:00:11]} dxc4 {[%emt 0:00:08]} 7. Qc2 {[%emt 0:00:08]} b5 {[%emt 0:00:13]} 8. a4 {[%emt 0:02:03] E05: Open Catalan: 5 Nf3 Be7} b4 {[%emt 0:00:13]} 9. Nfd2 {[%emt 0:00:41]} c6 {[%emt 0:00:13]} 10. Nxc4 {[%emt 0:01:50]} Qxd4 {[%emt 0:00:16]} 11. Rd1 {[%emt 0:00:06]} Qc5 {[%emt 0:01:02]} 12. Be3 {[%emt 0:02:05]} Qh5 {[%emt 0:07:00]} 13. Nbd2 {[%emt 0:05:38] [#]} Nd5 $146 {[%emt 0:03:47]} ({Predecessor:} 13... Ng4 14. Nf1 Nxe3 15. Nfxe3 a5 {½-½ (82) Vachier Lagrave,M (2789)-Nakamura,H (2769) Paris 2018}) 14. Ne4 {[%emt 0:07:53]} Nd7 {[%emt 0:05:47]} 15. Rac1 {[%emt 0:07:04]} (15. Bf3 $5 {[%cal Rf3h5]} Qg6 16. Na5 $14) 15... Ba6 {[%emt 0:16:45]} 16. Bf3 {[%emt 0:01:45]} Qf5 {[%emt 0:04:46]} 17. Bf4 {[%emt 0:17:09]} Bxc4 {[%emt 0:10:51]} 18. Qxc4 {[%emt 0:02:33]} N7b6 {[%emt 0:02:52]} 19. Qxc6 $15 {[%emt 0:02:40]} Nxf4 {[%emt 0:00:46]} 20. gxf4 {[%emt 0:00:13]} Qxf4 {[%emt 0:01:43]} 21. Qb7 {[%emt 0:02:15]} Nd5 {[%emt 0:04:02]} 22. Ng3 {[%emt 0:02:56]} Bf6 {[%emt 0:02:08]} 23. b3 {[%emt 0:05:47]} Nc3 {[%emt 0:09:15]} 24. e3 {[%emt 0:02:59]} Qb8 {[%emt 0:00:35]} 25. Qxa8 {[%emt 0:04:01]} Qxa8 {[%emt 0:01:54]} 26. Bxa8 {[%emt 0:00:26]} Nxd1 {[%emt 0:00:13]} 27. Rxd1 {[%emt 0:00:06]} Rxa8 {[%emt 0:00:11]} 28. Rd7 {[%emt 0:00:09]} Kf8 {[%emt 0:07:57]} 29. Ne4 {[%emt 0:01:47]} a5 {[%emt 0:02:53]} 30. Rb7 {[%emt 0:01:25]} Rd8 {[%emt 0:01:50]} 31. Rb5 {[%emt 0:09:21]} Rd1+ {[%emt 0:00:46]} 32. Kg2 {[%emt 0:00:06]} Bd8 {[%emt 0:00:37]} 33. Kf3 Rd5 {[%emt 0:04:54]} 34. Rb7 {[%emt 0:05:36]} f5 {[%emt 0:00:36]} 35. Ng3 {[%emt 0:00:10]} g6 {[%emt 0:06:07]} 36. Ke2 {[%emt 0:00:35]} Rc5 {[%emt 0:02:49]} 37. Nf1 {[%emt 0:08:18]} Bc7 {[%emt 0:00:17]} 38. Nd2 {[%emt 0:01:33]} h5 {[%emt 0:01:27]} 39. h4 {[%emt 0:03:33]} Bd8 {[%emt 0:02:02]} 40. Nf3 {[%emt 0:00:19]} Bf6 {[%emt 0:01:20]} 41. Ra7 {[%emt 0:00:28]} e5 {[%emt 0:00:53]} 42. Ra6 {[%emt 0:00:15]} Kf7 {[%emt 0:00:23]} 43. Ra7+ {[%emt 0:00:05]} Kg8 {[%emt 0:00:28]} 44. Ra6 {[%emt 0:00:07]} Kg7 {[%emt 0:00:27]} 45. Ra7+ {[%emt 0:00:05]} Kg8 {[%emt 0:00:33]} 46. Ra6 {[%emt 0:00:03]} Kg7 {[%emt 0:00:02]} 47. Ra7+ {[%emt 0:00:14]} Kg8 {[%emt 0:01:14]} 48. Ra6 {[%emt 0:00:02]} 1/2-1/2

[Event "15th Avicenna Open Masters 2018"]
[Site "Avicenna"]
[Date "2018.08.22"]
[Round "7"]
[White "Gholami Orimi, Mahdi"]
[Black "Pavlov, Sergey"]
[Result "1/2-1/2"]
[WhiteElo "2333"]
[BlackElo "2496"]
[Annotator "TA"]
[PlyCount "68"]
[EventDate "2018.08.17"]
[EventType "swiss"]
[EventCountry "IRI"]
[SourceTitle "playchess.com"]
[Source "ChessBase"]
[SourceQuality "1"]

{[%evp 9,68,10,25,7,10,15,18,20,18,0,4,0,0,0,0,0,1,-25,-22,-5,-22,-19,0,0,0,0,137,137,137,127,130,130,125,122,113,125,85,0,0,0,0,-7,-7,-1,0,0,0,-64,-16,-37,-23,-15,0,-3,47,31,29,18,23,24,18]} 1. d4 Nf6 2. c4 e6 3. Nf3 b6 4. Nc3 Bb7 5. g3 Ne4 {LiveBook: 9 Games} (5... Bb4 6. Bg2 O-O 7. O-O Bxc3 8. bxc3 d6 9. d5 Nbd7 10. Bg5 exd5 11. cxd5 Bxd5 12. Re1 h6 13. Qxd5 Nxd5 14. Bxd8 Raxd8 15. Nd4 N7f6 16. e4 Ne7 17. Nb5 {½-½ (115) Li,C (2751)-Mamedyarov,S (2747) Huaian 2016}) 6. Bg2 {E12: Queen's Indian: Unusual White 4th moves, 4 a3, 4 Nc3 Bb7 5 a3 and 4 Nc3 Bb7} Nxc3 7. bxc3 Be4 8. O-O {The position is equal.} Be7 9. Ne1 Bxg2 10. Nxg2 O-O $146 ({Predecessor:} 10... d5 11. cxd5 exd5 12. Nf4 O-O 13. Qb3 c6 14. Ba3 Bxa3 15. Qxa3 {½-½ (29) Daniel,M (2101)-Pribyl,R (2075) Czechia 2010}) 11. e4 Nc6 12. f4 Na5 13. Qe2 d6 14. f5 exf5 15. exf5 Bf6 16. Nf4 Re8 17. Qg4 Nxc4 (17... Re4 $11 {keeps the balance.}) 18. Nd5 $16 Kh8 19. Nxf6 gxf6 ({Avoid the trap} 19... Qxf6 $2 20. Bg5 $18) 20. Bh6 {[%csl Gh6][%cal Rg4g7]} Rg8 21. Qh5 d5 {[#]} 22. Rf4 $1 {[%cal Rf4h4] [#]} Rg5 $1 {[%mdl 512]} 23. Qxf7 (23. Bxg5 $16 {Rh4 would kill now.} fxg5 24. Rf2) 23... Nd6 $1 $36 {[%cal Rd6f7][%mdl 2048] Black has some pressure.} 24. Qxd5 Rh5 25. Rh4 Rxh4 26. gxh4 {aiming for Kh1.} Qg8+ 27. Qxg8+ Rxg8+ {[%mdl 4096] Endgame KRB-KRN} 28. Kf1 (28. Kf2 $11) 28... Nxf5 29. Bf4 c6 30. a4 a6 31. Ke2 Ne7 32. Kd3 Kg7 33. c4 Kf7 34. Rb1 Rg4 {Precision: White = 63%, Black = 76%.} 1/2-1/2